| 000 | 01370nam a2200253Ia 4500 | ||
|---|---|---|---|
| 999 |
_c37506 _d37506 |
||
| 001 | 3469 | ||
| 003 | GE_BSU | ||
| 005 | 20190604143935.0 | ||
| 008 | 181216s1990|||| |||||||||||||| ||geo|| | ||
| 040 | _cGE_BSU | ||
| 041 | _ageo | ||
| 080 | _a821.112.2(436)+32(44)(092) ც-53 | ||
| 100 |
_aცვაიგი, შტეფან _92033 |
||
| 245 |
_aჟოზეფ ფუშე : პოლიტიკური მოღვაწის პორტრეტი / _cშტეფან ცვაიგი ; შესავალი წერილი და კომენტარები კარლო ჯონჯანელისა ; რედ : ა. შონია. |
||
| 250 | _aთარგმანი გერმანულიდან. | ||
| 264 |
_aბათუმი : _bაჭარა, _c1990. |
||
| 300 |
_a287 გვ : _c20 სმ. |
||
| 500 | _aკომენტერები გვ.:271-285. | ||
| 653 | _aჟოზეფ ფუშე:პოლიტიკური მოღვაწის პორტრეტი | ||
| 653 | _aმხატვრული ლიტერატურა | ||
| 700 |
_aჯონჯანელი, კარლო _eშსავალი წერილი და კომენტარები _92034 |
||
| 700 |
_aშონია, ა _eრედაქტორი _92035 |
||
| 942 |
_cBK _2udc |
||